<?xml version="1.0" encoding="UTF-8"?>
<collection xmlns="http://www.loc.gov/MARC21/slim">
<record>
  <controlfield tag="001">156415</controlfield>
  <controlfield tag="005">20250516093846.0</controlfield>
  <datafield tag="037" ind1=" " ind2=" ">
    <subfield code="a">TAZ-TFG-2019-2968</subfield>
  </datafield>
  <datafield tag="041" ind1=" " ind2=" ">
    <subfield code="a">spa</subfield>
  </datafield>
  <datafield tag="100" ind1="1" ind2=" ">
    <subfield code="a">Vicente Noé, Samuel</subfield>
  </datafield>
  <datafield tag="242" ind1="0" ind2="0">
    <subfield code="a">Instrumentation location system using RFID</subfield>
  </datafield>
  <datafield tag="245" ind1="0" ind2="0">
    <subfield code="a">Sistema de localización de instrumentación utilizando tecnología RFID</subfield>
  </datafield>
  <datafield tag="260" ind1=" " ind2=" ">
    <subfield code="a">Zaragoza</subfield>
    <subfield code="b">Universidad de Zaragoza</subfield>
    <subfield code="c">2019</subfield>
  </datafield>
  <datafield tag="300" ind1=" " ind2=" ">
    <subfield code="e">material-fisico-adicional</subfield>
  </datafield>
  <datafield tag="500" ind1=" " ind2=" ">
    <subfield code="a">Aporta en secretaría material físico.</subfield>
  </datafield>
  <datafield tag="506" ind1=" " ind2=" ">
    <subfield code="a">by-nc-sa</subfield>
    <subfield code="b">Creative Commons</subfield>
    <subfield code="c">3.0</subfield>
    <subfield code="u">http://creativecommons.org/licenses/by-nc-sa/3.0/</subfield>
  </datafield>
  <datafield tag="520" ind1=" " ind2=" ">
    <subfield code="a">La principal finalidad de este proyecto es detallar como ha de ser un sistema de&lt;br />localización RFID de los instrumentos de los laboratorios de la Escuela Universitaria&lt;br />Politécnica de Teruel, de manera que sepamos en todo momento si un instrumento está&lt;br />dentro o fuera de un aula en concreto del centro. Para ello se utilizarán algunos&lt;br />elementos RFID proporcionados por la Universidad de Zaragoza.&lt;br />En el proyecto se explicará la base de funcionamiento de esta tecnología, se indicarán&lt;br />detalles técnicos acerca de los elementos RFID que van a utilizarse, se indicará como se&lt;br />ha de establecer conexión con estos aparatos, se realizarán algunas pruebas para hallar&lt;br />posibles problemas que puedan suceder en la puesta en práctica del proyecto así como&lt;br />obtener información valiosa a la hora de diseñar el programa, se detallarán algunas&lt;br />posibles soluciones a estos problemas y, por último, se detallará toda la información&lt;br />necesaria para poner en práctica este sistema y se entregará un pequeño programa&lt;br />diseñado en el lenguaje C y C++. Por último, se hará una breve conclusión obtenida de&lt;br />todos estos puntos anteriores y se dejaran propuestos algunas mejoras que se podrían&lt;br />realizar a este programa en el futuro.&lt;br />&lt;br /></subfield>
  </datafield>
  <datafield tag="521" ind1=" " ind2=" ">
    <subfield code="a">Graduado en Ingeniería Electrónica y Automática</subfield>
  </datafield>
  <datafield tag="540" ind1=" " ind2=" ">
    <subfield code="a">Derechos regulados por licencia Creative Commons</subfield>
  </datafield>
  <datafield tag="700" ind1=" " ind2=" ">
    <subfield code="a">López Torres, Ana María</subfield>
    <subfield code="e">dir.</subfield>
  </datafield>
  <datafield tag="710" ind1="2" ind2=" ">
    <subfield code="a">Universidad de Zaragoza</subfield>
    <subfield code="b">Ingeniería Electrónica y Comunicaciones</subfield>
    <subfield code="c">Teoría de la Señal y Comunicaciones</subfield>
  </datafield>
  <datafield tag="856" ind1="0" ind2=" ">
    <subfield code="f">720693@celes.unizar.es</subfield>
  </datafield>
  <datafield tag="856" ind1="4" ind2=" ">
    <subfield code="s">1575059</subfield>
    <subfield code="u">http://zaguan.unizar.es/record/156415/files/TAZ-TFG-2019-2968.pdf</subfield>
    <subfield code="y">Memoria (spa)</subfield>
  </datafield>
  <datafield tag="909" ind1="C" ind2="O">
    <subfield code="o">oai:zaguan.unizar.es:156415</subfield>
    <subfield code="p">driver</subfield>
    <subfield code="p">trabajos-fin-grado</subfield>
  </datafield>
  <datafield tag="950" ind1=" " ind2=" ">
    <subfield code="a"></subfield>
  </datafield>
  <datafield tag="980" ind1=" " ind2=" ">
    <subfield code="a">TAZ</subfield>
    <subfield code="b">TFG</subfield>
    <subfield code="c">POLTER</subfield>
  </datafield>
  <datafield tag="999" ind1=" " ind2=" ">
    <subfield code="a">20190909183246.CREATION_DATE</subfield>
  </datafield>
  <datafield tag="951" ind1=" " ind2=" ">
    <subfield code="a">deposita:2025-05-16</subfield>
  </datafield>
</record>
</collection>